000 00628nam a22001937a 4500
005 20100728144317.0
010 _aENG-97264
020 _a9788184620108
_c195.00
035 _aEN-80797
037 _bDBAD/PUB
082 _aS
100 _aSridhar, Nirmala
_93322
245 _aThe mysterious tsunami /
_cby Nirmala Sridhar
260 _aMumbai
_bImprint
_c2009
270 _aIndustry Manor,Appasaheo,Prabha devi
_bMumbai
_e4000025
300 _a189p.
_c22 cm(pbk)
942 _2ddc
_cEN
_mSRI
_hS
999 _c38100
_d38100